000 00859nam a22002537a 4500
999 _c19688
_d19688
003 AR-CdUCM
008 190520b ||||| |||| 00| 0 spa d
020 _a950-503-081-9
040 _aMUNICIPALIDAD PROVINCIAL DEL CUSCO
_cBIBLIOTECA MUNICIPAL DEL CUSCO
041 _heng
082 _a320 /
_bK57
100 _aKirkpatrick, Jeane J.
_941181
245 _aPolítica y derechos humanos /
260 _aArgentina :
_bMarymar,
_c1983.
300 _a250 páginas ;
_c23 cm.
440 _aColección ciencias políticas
_97453
505 _aContenido: Política y derechos humanos -- El fenómeno Reagan -- Los estados unidos en las naciones unidas...
650 _aEstados unidos
_929155
650 _aSiglo XX
_98
650 _aNaciones unidas
_95682
700 _aJusto, Luis (traducción)
_941182
942 _2ddc
_cLIBROS
945 _adavv
_d2019-05-20